The Captainship (Record no. 4812)

MARC details
000 -LEADER
fixed length control field 00376nam a22001697a 4500
005 - DATE AND TIME OF LATEST TRANSACTION
control field 20160630093558.0
008 - FIXED-LENGTH DATA ELEMENTS--GENERAL INFORMATION
fixed length control field 160630b xxu||||| |||| 00| 0 eng d
020 ## - INTERNATIONAL STANDARD BOOK NUMBER
ISBN 978-93-89951-02-5
041 ## - LANGUAGE CODE
Language code of text/sound track or separate title eng
082 ## - DEWEY DECIMAL CLASSIFICATION NUMBER
Item number 10902
100 ## - MAIN ENTRY--AUTHOR NAME
Personal name Gupta, Anya
245 ## - TITLE STATEMENT
Title The Captainship
260 ## - PUBLICATION, DISTRIBUTION, ETC. (IMPRINT)
Name of publisher Blooms bury
300 ## - PHYSICAL DESCRIPTION
Number of Pages 163
650 ## - SUBJECT ADDED ENTRY--TOPICAL TERM
Topical Term Management
942 ## - ADDED ENTRY ELEMENTS (KOHA)
Koha item type Books
Holdings
Lost status Damaged status Collection code Home library Current library Shelving location Date acquired Cost, normal purchase price Full call number Accession Number Koha item type
    LIFE SKILL JRU Library JRU Library SHELF-102-E 30/06/2016 299.00 10902 10902 Books
    LIFE SKILL JRU Library JRU Library SHELF-102-E 30/06/2016 299.00 10902 10903 Books